000 00748nam a2200193 a 4500
003 0
005 20250528111637.0
008 021022s19uu xx 00 eng d
050 _aPHS KF 264
_b.M37 2002
100 _aMasangcay, Bernice D.
245 _aThe College of law of the University of Perpetual Help Las Pinas from the perspective of its law students /
_cBernice D. Masangcay.
260 _aLas PiƱas City, Philippines :
_bSouthville International School and Colleges,
_c2002.
300 _a78 pages :
_billustrations ;
_c28 cm.
504 _aIncludes bibliographical references.
650 _aLaw schools
_zPhilippines.
650 _aLaw students
_zPhilippines
_xAttitudes.
650 _aLegal education
_zPhilippines.
942 _2lcc
_cPASS
999 _c96723
_d96723